Central Library OPAC University of Rajshahi

Homology theory on algebraic varieties / (Record no. 50955)

MARC details
000 -LEADER
fixed length control field 00821nam a2200253 a 4500
001 - CONTROL NUMBER
control field 50955
003 - CONTROL NUMBER IDENTIFIER
rucl marc code BD-RjUL
005 - DATE AND TIME OF LATEST TRANSACTION
control field 20211209075605.0
008 - FIXED-LENGTH DATA ELEMENTS--GENERAL INFORMATION
fixed length control field 160829s1958 enka 000 0 eng d
035 ## - SYSTEM CONTROL NUMBER
System control number (BD-RjUL)51075
040 ## - CATALOGING SOURCE
Original cataloging agency BD-RjUL
Language of cataloging eng
Transcribing agency BD-RjUL
041 ## - LANGUAGE CODE
Language code of text/sound track or separate title eng
082 ## - DEWEY DECIMAL CLASSIFICATION NUMBER
Edition number 23
Classification number 514
Author mark and year WAH 1958
100 1# - MAIN ENTRY--PERSONAL NAME
Personal name Wallace, Andrew H.
9 (RLIN) 151775
245 10 - TITLE STATEMENT
Title Homology theory on algebraic varieties /
Statement of responsibility, etc. by Andrew H. Wallace
260 ## - PUBLICATION, DISTRIBUTION, ETC. (IMPRINT)
Place of publication, distribution, etc. London :
Name of publisher, distributor, etc. Pergamon,
Date of publication, distribution, etc. 1958
300 ## - PHYSICAL DESCRIPTION
Pagination 115 p. :
Illustrations ill. ;
Size 23 cm
490 ## - SERIES STATEMENT
Series statement International series of monographs in pure and applied mathematics;
Volume/sequential designation v. 6.
650 #0 - SUBJECT ADDED ENTRY--TOPICAL TERM
Topical term or geographic name as entry element Topology
9 (RLIN) 152495
Topical term or geographic name as entry element Homology theory
9 (RLIN) 138661
830 #0 - SERIES ADDED ENTRY--UNIFORM TITLE
Uniform title International series of monographs in pure and applied mathematics ;
Volume number/sequential designation vol.6
942 ## - ADDED ENTRY ELEMENTS (KOHA)
Source of classification or shelving scheme Dewey Decimal Classification
Koha item type Books
Holdings
Lost status Source of classification or shelving scheme Damaged status Not for loan Collection code Permanent Location Current Location Shelving location Date acquired Source of acquisition Cost, normal purchase price Total Checkouts Full call number Date last seen Copy number Koha item type
  Dewey Decimal Classification     Non-fiction Central Library, University of Rajshahi Central Library, University of Rajshahi   30/01/1961 Provisicial Library, Dhaka 24.38   514 WAH 1958 29/08/2016 C-2 Books
  Dewey Decimal Classification     Non-fiction Central Library, University of Rajshahi Central Library, University of Rajshahi   07/12/1962 Zeitlinger 32.00   514 WAH 1958 10/11/2016 C-3 Books